Statistics for Participants d'Holycube

Click here to take the quiz!

General Stats

  • This quiz has been taken 3 times
  • The average score is 11 of 30

Answer Stats

HintAnswer% Correct
Aurélien Sama
100%
Saison 1Aypierre
100%
Roi Louis Loic
100%
Francois_Sama
67%
Saison 3Mr Mldeg
67%
Arm0hn
33%
Belzzebruth
33%
BillSilverlight
33%
CraftThoyy
33%
Saison 2DavLec
33%
Dunaway
33%
Edorock
33%
JuJoue
33%
Laeily
33%
MajorSlater
33%
Mayukow
33%
MC_Ika
33%
Myla
33%
R3lient
33%
Rayenryuu
33%
Shoukaseikyo
33%
Siphano
33%
Tabernak
33%
TheFantasio974 (et Bob lennon)
33%
Wotan83
33%
Zephirr
33%
Aelurus
0%
Saison 3 (Mexicains)Alpzz
0%
LeTsaudric
0%
Zakarum92
0%

Score Distribution

Percentile by Number Answered

Percent of People with Each Score

Your Score History

You have not taken this quiz